000 00809nas a2200277 4500
001 BR5800085
003 BR-BrBNA
005 20231205082013.0
007 ta
008 230509b bl.|||p| |||| 00| 00por d
040 _aBR-BrBNA
_bpor
_cBiblioteca Nacional de Agricultura
041 _a(Pt)
072 _aC00; E15
100 1 _aAnon.
245 1 _aCooperativismo e credito agricola na Asia [Capital; Cooperativa de credito]
650 _aEducacao
650 _aMicroeconomia
650 _aEducacao cooperativa
650 _aCooperativa de credito
650 _aCredito agricola
650 _aFinanciamento
650 _aAsia
773 0 _tSul - Coop. Cooperativismo (Brazil)
_x
_g(Jul 1958), v. 10(51-52) p. 16-18
_wBR5800085
909 _a202311
_bLúcia
_c55
_dLúcia Elande
942 _2AGRIS
_n0
_cANA
999 _c88479
_d88479